000 01066nam a2200313 a 4500
005 20200104041539.0
008 140310s2002 bo ao gr|||| 000 0 spa d
040 _aCO-BoIAVH
_cCO-BoIAVH
041 0 _aspa
044 _abo
082 0 4 _a634.99
_bZ87i
100 1 _aZonta, Armelinda
245 1 0 _aImplementación y manejo de sistemas agroforestales comerciales en condiciones amazónicas
260 _aRiberalta :
_bIPHAE,
_c2002.
300 _a45 páginas :
_bIlustraciones a color, fotografías a color ;
_c28 x 21 cm.
490 0 _aProyecto quinquenal agroforestal;
_v2
504 _aIncluye referencias bibliográficas.
650 1 6 _aAgroforestería
650 1 6 _aSistemas agroforestales
650 2 6 _aUso múltiple de la tierra
650 2 6 _aUso sostenible
650 2 6 _aSivicultura en fincas
650 2 6 _aTécnicas de cultivo
662 _aBolivia
_cAmazonia
700 1 _aGoncalves, Alceu
700 1 _aChapi, Germán
700 1 _aAngola, Fortunato
942 _cLIBRO
_2ddc
999 _c3284
_d3284